[Event "45th Olympiad 2024"]
[Site "Budapest HUN"]
[Date "2024.09.21"]
[Round "10.77"]
[Board "4"]
[White "Cisse, Amadou Lamine"]
[Black "Semedo, Adelino"]
[Result "0-1"]
[WhiteElo "1948"]
[BlackElo "1827"]
[PlyCount "68"]
[EventDate "2024.09.11"]
[WhiteTeam "Senegal"]
[BlackTeam "Sao Tome and Principe"]
[WhiteTeamCountry "SEN"]
[BlackTeamCountry "SAO"]

1. e4 c6 2. d3 d5 3. Nd2 g6 4. Ngf3 Bg7 5. g3 e5 6. Bg2 Ne7 7. O-O O-O 8. Re1 Qc7 9. Qe2 d4 ({RR} 9... Nd7 10. b3 d4 11. Bb2 c5 12. c3 dxc3 13. Bxc3 b6 14. Nc4 Ba6 15. Bh3 Nc6 16. Rac1 Rae8 17. a3 Bxc4 18. dxc4 Nd4 19. Qd3 Re7 20. Bb2 f5 21. Bxd4 cxd4 22. b4 Nf6 23. Nd2 Bh6 24. Bg2 {1-0 Martinez Duany,L (2526)-Domingo Nunez,R (2345) Iberoamerican-ch 7th 2019 (7)}) 10. Nf1 ({RR} 10. a4 c5 11. Nc4 Nbc6 12. Bd2 Be6 13. Ng5 Bxc4 14. dxc4 h6 15. Nh3 Kh7 16. f3 f5 17. Nf2 f4 18. Nd3 b6 19. gxf4 exf4 20. e5 g5 21. Qe4+ Kh8 22. h4 Nf5 23. hxg5 hxg5 24. Bh3 Nce7 {0-1 Gubajdullin,A (2244)-Viskelis,D (2181) Titled Tue 5th Mar Early 2024 (2)}) 10... c5 11. a4 $146 ({RR} 11. Nh4 Nbc6 12. f4 Bd7 13. h3 Rae8 14. Qf2 f5 15. exf5 Nxf5 16. Nf3 Nd6 17. fxe5 Nxe5 18. Bf4 Nxf3+ 19. Qxf3 Bc6 20. Qg4 Bxg2 21. Kxg2 Qc6+ 22. Kg1 Nf5 23. Qd1 h6 24. Bd2 Be5 25. Re4 Bxg3 {½-½ Nuenchert,E (2114)-Fojudzka,A (2227) BL2 Ost 0910 (Women) 2009 (3.2)}) ({RR} 11. h4 Nbc6 12. h5 b5 13. a4 bxa4 14. Rxa4 Bd7 15. Ra1 a5 16. N3h2 a4 17. Ng4 Bxg4 18. Qxg4 c4 19. dxc4 Nb4 20. Qe2 Rfc8 21. Bh3 Rd8 22. Rd1 Nc8 23. b3 Nb6 24. Ba3 Bf8 25. Qd2 Qc5 {0-1 Shristi,J (1959)-Gagare,S (2110) Wch U14 Girls 2008 (6)}) ({RR} 11. h3 Nbc6 12. g4 f6 13. Ng3 Be6 14. g5 Kh8 15. gxf6 Rxf6 16. Bg5 Rf7 17. Bd2 h6 18. Nh2 Raf8 19. Rf1 Nd8 20. Ng4 Ng8 21. Rae1 Bc8 22. c3 h5 23. Nh2 Bh6 24. Bxh6 Nxh6 25. Nf3 Ne6 {0-1 Dahl,T (1974)-Ranaldi,L (2267) NOR-chT Club 2017 (4.8)}) 11... Nbc6 12. h4 h5 13. N1h2 f6 14. Rf1 Be6 15. Ne1 f5 16. exf5 Nxf5 17. Nef3 Rad8 18. Ng5 Bc8 19. Ne4 Nce7 20. Bg5 b6 21. g4 hxg4 22. Nxg4 Nd5 23. Bxd8 Qxd8 24. Ng3 Nf4 25. Qe4 Nxh4 26. Ne3 dxe3 27. fxe3 Nfxg2 28. Rxf8+ Qxf8 29. Rf1 Qe7 30. Rf2 Bb7 31. Qc4+ Kh7 32. e4 Qg5 33. Rxg2 Qe3+ 34. Kh1 Qf3 0-1

[Event "45th Olympiad 2024"]
[Site "Budapest HUN"]
[Date "2024.09.21"]
[Round "10.78"]
[Board "1"]
[White "Hasford, John Kojo"]
[Black "AH KYE, Benitot"]
[Result "1-0"]
[WhiteElo "1956"]
[BlackElo "1815"]
[PlyCount "99"]
[EventDate "2024.09.11"]
[WhiteTeam "Ghana"]
[BlackTeam "Mauritius"]
[WhiteTeamCountry "GHA"]
[BlackTeamCountry "MRI"]

1. d4 Nf6 2. Nf3 e6 3. g3 d5 4. Bg2 Be7 5. O-O O-O 6. c4 c6 7. Nc3 Nbd7 8. Qb3 b6 9. Bf4 Nh5 ({RR} 9... Ba6 10. cxd5 cxd5 11. Rfc1 Bc4 12. Qa4 a6 13. Qd1 a5 14. Nd2 Ba6 15. e4 dxe4 16. Ndxe4 Nxe4 17. Nxe4 Ra7 18. d5 exd5 19. Qxd5 Bb7 20. Qf5 g6 21. Qb5 Qa8 22. Rc7 Bxe4 23. Rxa7 Qxa7 24. Bxe4 {1-0 Yashmetov,M (2309)-Dushatov,T (2228) Titled Tue 18th Jun Early 2024 (10)}) 10. Bd2 ({RR} 10. Be5) 10... Nhf6 11. Rfe1 $146 ({RR} 11. Rfd1 Bb7 12. Rac1 Rc8 13. cxd5 cxd5 14. Bf4 Nh5 15. Bd2 Nhf6 16. Bf4 Nh5 17. Bd2 {½-½ Miroshnichenko,E (2696)-Ivanchuk,V (2703) GRE-chT 37th 2009 (4)}) ({RR} 11. Rac1 Bb7 12. Rfd1 Rc8 13. cxd5 exd5 14. Bh3 Ra8 15. Nh4 g6 16. Qc2 Re8 17. Bg2 Rc8 18. Bh3 Ra8 19. Bh6 Nf8 20. Nf3 Bd6 21. Ng5 Bc8 22. Bxc8 Rxc8 23. f3 Qe7 24. e4 dxe4 25. Ngxe4 Ne6 {0-1 De Carvalho,J (2181)-Maia,M (2115) Rio de Janeiro Borensztajn op 1st 2012 (4)}) 11... Bb7 12. cxd5 cxd5 13. Rac1 h6 14. h3 Ne4 15. Be3 Ndf6 16. Ne5 Nd6 17. a4 Re8 18. Nb5 Nxb5 19. axb5 Bd6 20. Nc6 Qd7 21. Rc2 a6 22. Rec1 axb5 23. Ne5 Qd8 24. Qxb5 Ba6 25. Qb3 Bxe5 26. dxe5 Nd7 27. Bd4 Qb8 28. f4 Bc4 29. Qb4 Ra5 30. Qe1 Nc5 31. b4 Nb3 32. bxa5 Nxd4 33. Rb2 b5 34. Qf2 Qa7 35. Rd2 Nc6 36. Qxa7 Nxa7 37. e4 Nc6 38. a6 Na5 39. Rb1 Nb3 40. Rdb2 Nc5 41. exd5 exd5 42. a7 Ra8 43. Rxb5 Bxb5 44. Rxb5 Rxa7 45. Rxc5 d4 46. Rd5 Ra4 47. Rd8+ Kh7 48. Be4+ g6 49. Rd7 Kg8 50. Bd5 1-0

[Event "45th Olympiad 2024"]
[Site "Budapest HUN"]
[Date "2024.09.21"]
[Round "10.78"]
[Board "2"]
[White "Chinasamy, Devarajen"]
[Black "Anquandah, Francis Eric"]
[Result "1/2-1/2"]
[WhiteElo "1975"]
[BlackElo "1941"]
[PlyCount "77"]
[EventDate "2024.09.11"]
[WhiteTeam "Mauritius"]
[BlackTeam "Ghana"]
[WhiteTeamCountry "MRI"]
[BlackTeamCountry "GHA"]

1. d4 Nf6 2. Nc3 d5 3. Bf4 e6 4. Nb5 Bd6 5. Nxd6+ cxd6 6. e3 O-O ({RR} 6... Nc6 7. Nf3 O-O 8. c3 Re8 9. Be2 e5 10. Bg5 Be6 11. O-O h6 12. Bh4 Rc8 13. h3 Qd7 14. Bxf6 gxf6 15. Kh2 Kh7 16. Nh4 Ne7 17. f4 Ng6 18. Qe1 exf4 19. exf4 Nxh4 20. Qxh4 Bxh3 21. Rae1 {1-0 Chinasamy,D (1970)-Strovsky,M (2158) Francophonie-chT Rapid 2022 (2.8)}) 7. g4 ({RR} 7. Nf3 h6 8. h3 Qe7 9. Be2 Nc6 10. O-O e5 11. Bh2 a6 12. c3 Bf5 13. a4 Rfe8 14. Re1 Rad8 15. Qb3 Qc7 16. Rad1 Na5 17. Qa3 Ne4 18. Qa2 Nf6 19. b4 Nc6 20. Qb3 Rc8 21. dxe5 dxe5 {0-1 Alekseenko,K (2687)-Duda,J (2731) Titled Tue 22nd Nov Early 2022 (5)}) 7... Nc6 8. g5 Ne8 $146 ({RR} 8... Ne4 9. h4 e5 10. f3 exf4 11. fxe4 fxe3 12. exd5 Ne7 13. Qf3 Qb6 14. O-O-O Nf5 15. c3 Qa5 16. Bd3 g6 17. Kb1 Qa4 18. h5 Ng7 19. hxg6 fxg6 20. Bc2 Rxf3 21. Bxa4 Rf2 22. Nh3 Bf5+ 23. Kc1 {1-0 Gandhi,S (1908)-Kovacs,K (2073) Titled Tue 16th Apr Early 2024 (3)}) 9. Nf3 Qe7 10. Bb5 e5 11. Bxc6 exf4 12. Bxd5 fxe3 13. Qe2 exf2+ 14. Kxf2 Qxe2+ 15. Kxe2 Nc7 16. Bc4 Bg4 17. Kf2 Bxf3 18. Kxf3 g6 19. Rae1 Rae8 20. c3 Kg7 21. Re3 f6 22. gxf6+ Kxf6 23. Rhe1 Rxe3+ 24. Rxe3 Re8 25. Rxe8 Nxe8 26. Bd5 b6 27. h4 Ng7 28. Be4 h6 29. b4 Ne6 30. Ke3 g5 31. hxg5+ hxg5 32. Bc6 Nf4 33. c4 Ke6 34. Bf3 Kf5 35. Be4+ Ke6 36. Bf3 Kf5 37. Be4+ Ke6 38. Bf3 Kf5 39. Be4+ 1/2-1/2

[Event "45th Olympiad 2024"]
[Site "Budapest HUN"]
[Date "2024.09.21"]
[Round "10.78"]
[Board "3"]
[White "Fomevor, Cephas Clinton"]
[Black "Lam Kin Cheung, Stephane"]
[Result "0-1"]
[WhiteElo "1873"]
[BlackElo "1677"]
[PlyCount "112"]
[EventDate "2024.09.11"]
[WhiteTeam "Ghana"]
[BlackTeam "Mauritius"]
[WhiteTeamCountry "GHA"]
[BlackTeamCountry "MRI"]

1. d4 c5 2. c3 cxd4 3. cxd4 Nf6 4. Nc3 d5 5. Nf3 Nc6 6. Bf4 g6 7. e3 Bg7 8. Be2 ({RR} 8. Ne5 O-O 9. Be2 Qb6 10. a3 a5 11. O-O Bf5 12. Na4 Qa7 13. Rc1 Bd7 14. Nc5 Bc8 15. h3 Rd8 16. Nxb7 Bxb7 17. Nxc6 Bxc6 18. Rxc6 Qb7 19. Qc2 Ne8 20. Rc1 a4 21. Rc5 e6 22. Bb5 Bf8 {1-0 Jussupow,A (2590)-Pfleger,H (2490) World Team-ch01 1985 (9.2)}) ({RR} 8. Ne5 O-O 9. Nxc6 bxc6 10. Rc1 Nh5 11. Bg5 Rb8 12. b3 Qa5 13. Bxe7 Re8 14. Bc5 Ba6 15. b4 Rxb4 16. Bxb4 Qxb4 17. Bxa6 Bxd4 18. Qb3 Qa5 19. O-O Bxc3 20. Qxc3 Qxa6 21. Qxc6 Re6 22. Qxd5 Rd6 {1-0 Mayank,C (2424)-Mirza,D (1981) Titled Tue 30th Jul Early 2024 (3)}) 8... a6 9. Rc1 O-O 10. O-O Bf5 $146 ({RR} 10... Bg4 11. Na4 Ne4 12. Qb3 Bxf3 13. gxf3 Nd2 14. Qxb7 Na5 15. Qb4 Nxf1 16. Bc7 Qe8 17. Qxa5 Nxh2 18. Bxh2 e5 19. dxe5 Bxe5 20. Bxe5 Qxe5 21. f4 Qf5 22. Nb6 Rad8 23. Bf3 g5 24. Nxd5 Kh8 25. Qc3+ {1-0 Vasynda,O (1866)-Hychkevych,V (1251) 2nd Buturina Mem 2022 (1.25)}) 11. Bg5 Ne4 12. Bh4 Nxc3 13. Rxc3 Rc8 14. Qd2 Qd7 15. Rfc1 f6 16. Rc5 Na7 17. Bg3 Rxc5 18. Rxc5 Rc8 19. Qa5 Rxc5 20. Qxc5 Nc6 21. b4 e6 22. Qb6 Bf8 23. b5 axb5 24. Bxb5 Be7 25. Bc7 Qc8 26. Bxc6 bxc6 27. Qxc6 Kf7 28. Qb6 Bd8 29. g4 Bxc7 30. Qc6 Bxg4 31. Kg2 Bxf3+ 32. Kxf3 Qd8 33. a4 Qd6 34. Qb7 Qb6 35. Qc8 Kg7 36. Qd7+ Kh6 37. Qf7 Bd8 38. Qf8+ Kh5 39. Qf7 h6 40. Qd7 Bc7 41. Qg7 e5 42. Qd7 e4+ 43. Kg2 Qd6 44. Qb5 Qxh2+ 45. Kf1 Qd6 46. a5 f5 47. a6 Qb6 48. Qa4 Bb8 49. Kg2 Qc7 50. Qb5 Qd6 51. Qb7 Kg4 52. Qb2 h5 53. Qe2+ Kg5 54. Qb5 h4 55. Qc5 h3+ 56. Kf1 Qxa6+ 0-1

[Event "45th Olympiad 2024"]
[Site "Budapest HUN"]
[Date "2024.09.21"]
[Round "10.78"]
[Board "4"]
[White "Lee Luen Mang, Stefan"]
[Black "Frempong-Smart Daniel"]
[Result "1-0"]
[WhiteElo "1803"]
[BlackElo "1863"]
[PlyCount "65"]
[EventDate "2024.09.11"]
[WhiteTeam "Mauritius"]
[BlackTeam "Ghana"]
[WhiteTeamCountry "MRI"]
[BlackTeamCountry "GHA"]

1. d4 d5 2. c4 c6 3. Nf3 Nf6 4. Qc2 g6 5. cxd5 cxd5 6. Bf4 Nc6 7. h3 Bg7 8. e3 O-O 9. Be2 Bf5 10. Qb3 Rc8 11. Nc3 Na5 12. Qb4 Ne4 13. Rc1 a6 $146 ({RR} 13... Qb6 14. Qxb6 axb6 15. Ne5 g5 16. Bh2 f6 17. Nd3 Nxc3 18. bxc3 e6 19. Nb2 Nc6 20. Kd2 Ra8 21. a4 Na5 22. Bd1 Rfc8 23. Bd6 Bg6 24. h4 h6 25. hxg5 hxg5 26. Bb4 Be8 27. Ra1 Nc6 28. Bd6 {1-0 Andreikin,D (2729)-Mirzoev,A (2462) Titled Tue 15th Nov Late 2022 (2)}) ({RR} 13... Qb6 14. Qxb6 axb6 15. Nd2 Nxc3 16. bxc3 Rfe8 17. g4 Bd7 18. O-O b5 19. Rb1 Rxc3 20. Bxb5 Bc6 21. Bxc6 bxc6 22. Rfc1 Rxc1+ 23. Rxc1 Rc8 24. Nb3 Nc4 25. a4 Ra8 26. a5 e5 27. Bxe5 Bxe5 28. dxe5 {0-1 Andreikin,D (2729)-Lagarde,M (2631) Titled Tue 6th Feb Early 2024 (6)}) ({RR} 13... Nxc3 14. Rxc3 Rxc3 15. Qxc3 Nc6 16. O-O Qb6 17. g4 Be6 18. Rc1 Rc8 19. Qd2 Nb4 20. a3 Rxc1+ 21. Qxc1 Nc6 22. b4 a6 23. Ne1 f6 24. Nd3 Bf7 25. g5 e5 26. gxf6 exf4 27. fxg7 fxe3 28. fxe3 {½-½ Donchenko,A (2448)-Asmundsson,I (2338) Wch Seniors 12th 2002 (8)}) 14. O-O Nxc3 15. Rxc3 Rxc3 16. Qxc3 Nc6 17. Rc1 Qb6 18. a3 f6 19. b4 Rc8 20. Qb3 Be6 21. Nd2 Kf7 22. Rc5 Qd8 23. Bf3 b6 24. Bxd5 bxc5 25. Bxe6+ Kf8 26. Bxc8 Qxc8 27. bxc5 e5 28. dxe5 fxe5 29. Bg3 Qd7 30. Ne4 Na5 31. Qb8+ Kf7 32. Bh4 Bf8 33. Qxe5 1-0

[Event "45th Olympiad 2024"]
[Site "Budapest HUN"]
[Date "2024.09.21"]
[Round "10.79"]
[Board "1"]
[White "Kumar, Manoj"]
[Black "Hemam, Moulaye Brahim"]
[Result "1/2-1/2"]
[WhiteElo "1951"]
[BlackElo "1977"]
[PlyCount "129"]
[EventDate "2024.09.11"]
[WhiteTeam "Fiji"]
[BlackTeam "Mauritania"]
[WhiteTeamCountry "FIJ"]
[BlackTeamCountry "MAU"]

1. Nf3 Nf6 2. d4 g6 3. Bf4 Bg7 4. e3 O-O 5. Be2 d6 6. O-O b6 7. c4 Bb7 8. Nc3 Nbd7 9. h3 Ne4 10. Qc2 Nxc3 11. Qxc3 ({RR} 11. bxc3 c5 12. Bg3 Rc8 13. a4 Qc7 14. a5 bxa5 15. Qa4 Bxf3 16. gxf3 e5 17. Qxa5 Qxa5 18. Rxa5 cxd4 19. cxd4 exd4 20. Rxa7 Ne5 21. exd4 Nc6 22. Ra2 Rfd8 23. d5 Nd4 24. Rd1 Nxe2+ 25. Rxe2 Rxc4 {0-1 Ilkhomi,J (2152)-Bortnyk,O (2608) Titled Tue 28th May Early 2024 (5)}) 11... c5 ({RR} 11... e5 12. Bg5 f6 13. Bh4 g5 14. Bg3 f5 15. Qd2 f4 16. exf4 gxf4 17. Bh4 Qe8 18. d5 Qg6 19. Rfe1 e4 20. Ng5 Ne5 21. Kh1 Bh6 {0-1 Massoni,M (2338)-Bacrot,E (2721) Calvi Balagne op 11th rapid 2014 (5.1)}) 12. Rad1 Qc7 $146 ({RR} 12... Qc8 13. Qd3 Nf6 14. Rfe1 Be4 15. Qb3 cxd4 16. exd4 Bb7 17. Qe3 Re8 18. Bh6 Qf5 19. Nh4 Qe4 20. Qg5 Qc2 21. Bd3 Bxh6 22. Qxh6 Qxb2 23. Rd2 Qa3 24. g4 Qa5 25. d5 Bc8 26. Nf3 Kh8 27. Ng5 {1-0 Allo Collante,V (1189)-Santos,G (1479) Florianopolis op 6th 2020 (2)}) ({RR} 12... cxd4 13. exd4 d5 14. Qa3 dxc4 15. Bxc4 Bxf3 16. Qxf3 e6 17. Ba6 Qe7 18. Qc6 Nf6 19. Bd6 Qd7 20. Qxd7 Nxd7 21. Bxf8 Kxf8 22. Rd3 Ke7 23. Rc1 Kd6 24. f3 Re8 25. Bb5 Rd8 26. Rc6+ Ke7 27. Rc7 {0-1 Pohl,M (1521)-Remshagen,P (1552) Herne-ch 14th 2011 (5)}) 13. Qd2 cxd4 14. exd4 Rac8 15. b3 Rfd8 16. Bg5 f6 17. Bh6 e5 18. Bxg7 Kxg7 19. Qb2 e4 20. Nh2 f5 21. Rfe1 d5 22. f3 Nf6 23. Nf1 dxc4 24. bxc4 exf3 25. gxf3 Re8 26. d5 Kf7 27. Qd4 Qc5 28. Kf2 Ba6 29. Qxc5 Rxc5 30. Nd2 Ra5 31. Ra1 Ra4 32. a3 Bb7 33. Bd1 Rxe1 34. Kxe1 Ra6 35. a4 Nd7 36. Nb3 Ke7 37. Kd2 Kd6 38. Kc3 Nc5 39. Nd4 Bc8 40. Nc6 Bd7 41. Nb8 Ra5 42. Nxd7 Nxd7 43. Kb4 Rc5 44. a5 Rxa5 45. Rxa5 bxa5+ 46. Kxa5 Kc5 47. Be2 Nb8 48. f4 Nd7 49. Ka6 Nf6 50. Kxa7 Nxd5 51. cxd5 Kxd5 52. Kb6 Ke4 53. Kc5 Kxf4 54. Kd4 Kg3 55. Ke5 Kxh3 56. Kf4 Kh4 57. Bd1 h5 58. Bf3 g5+ 59. Kxf5 g4 60. Be4 Kg3 61. Kg5 h4 62. Bf5 h3 63. Be4 h2 64. Bh1 Kh3 65. Kf4 1/2-1/2

[Event "45th Olympiad 2024"]
[Site "Budapest HUN"]
[Date "2024.09.21"]
[Round "10.79"]
[Board "2"]
[White "Abdellahi Khaled Abdellahi"]
[Black "Prasad, Rudr"]
[Result "1/2-1/2"]
[WhiteElo "1894"]
[BlackElo "1777"]
[PlyCount "155"]
[EventDate "2024.09.11"]
[WhiteTeam "Mauritania"]
[BlackTeam "Fiji"]
[WhiteTeamCountry "MAU"]
[BlackTeamCountry "FIJ"]

1. e4 c6 2. Nc3 d5 3. Nf3 dxe4 4. Nxe4 Nf6 5. Qe2 Nxe4 6. Qxe4 Nd7 7. Bc4 Nf6 8. Ne5 e6 9. Qe2 Bd6 10. d4 h6 11. O-O O-O 12. c3 c5 13. dxc5 Bxc5 14. Rd1 Qe7 ({RR} 14... Qc7 15. Bf4 Bd6 16. Rd4 a6 17. Rad1 Ne8 18. Bb3 Bxe5 19. Bxe5 Qe7 20. Bc2 Ra7 21. Qc4 Ra8 22. Rd8 Nf6 23. Rxf8+ Qxf8 24. Bxf6 gxf6 25. Qc7 {1-0 Sanchez L,S (2400)-Perez Alvarado,L (2174) 57th Capablanca Mem Open 2024 (3.13)}) 15. Bf4 a6 16. a4 Rd8 $146 ({RR} 16... b6 17. b4 b5 18. axb5 Bb6 19. bxa6 Re8 20. Nc6 Qd7 21. Rxd7 Bxd7 22. Ne5 Red8 23. h3 Be8 24. Rd1 Rdc8 25. Rd3 Nd5 26. Bxd5 exd5 27. Rg3 Kh7 28. Qd3+ g6 29. Ng4 Rc6 30. Be5 Re6 31. Nf6+ {1-0 Roebers,E (2415)-Matnadze,A (2394) Euro Pairs Blitz Q Women 2023 (2.2)}) 17. Rxd8+ Qxd8 18. Rd1 Qe7 19. Qd2 Nd5 20. Bxd5 exd5 21. b4 Bb6 22. a5 Bc7 23. Qxd5 Bxe5 24. Qd8+ Qf8 25. Bxe5 Be6 26. Qb6 Qe7 27. Qd6 Qxd6 28. Rxd6 Re8 29. Bd4 Bd5 30. f3 Bc6 31. Kf2 Kh7 32. Be3 f5 33. g3 Re5 34. Bd4 Re7 35. f4 Bb5 36. Be5 Rd7 37. Rxd7 Bxd7 38. Ke3 Bb5 39. Kd4 Kg6 40. c4 Bc6 41. Kc5 Kf7 42. b5 Be4 43. bxa6 bxa6 44. Kb6 Bd3 45. c5 Ke7 46. Bxg7 h5 47. Kb7 Be4+ 48. Kc7 Bd5 49. Be5 Be4 50. Kb6 Kd7 51. c6+ Bxc6 52. Kxa6 Kc8 53. Kb6 Be4 54. a6 Bf3 55. a7 Kd7 56. Kc5 Ke6 57. Kd4 Ba8 58. Ke3 Bb7 59. Kf2 Ba8 60. Ke3 Bb7 61. Kd4 Bg2 62. Kc5 Kd7 63. Kb6 Bf3 64. Bb8 Ba8 65. Kc5 Ke6 66. Kd4 Bb7 67. h3 Ba8 68. Ke3 Bb7 69. Kf2 Bc6 70. Kg1 Bb7 71. Kh2 Bc6 72. Be5 Bb7 73. g4 fxg4 74. hxg4 hxg4 75. Kg3 Kf5 76. Bb8 Ba8 77. Be5 Bb7 78. Bb8 1/2-1/2

[Event "45th Olympiad 2024"]
[Site "Budapest HUN"]
[Date "2024.09.21"]
[Round "10.79"]
[Board "3"]
[White "Terubea, Ronald"]
[Black "Cheikhna, Mohamed Lemine"]
[Result "0-1"]
[WhiteElo "1836"]
[BlackElo "1884"]
[PlyCount "182"]
[EventDate "2024.09.11"]
[WhiteTeam "Fiji"]
[BlackTeam "Mauritania"]
[WhiteTeamCountry "FIJ"]
[BlackTeamCountry "MAU"]

1. e4 c6 2. Nf3 d5 3. exd5 cxd5 4. d4 Nc6 5. c3 Bg4 6. Be2 e6 7. Bf4 ({RR} 7. O-O Bd6 8. Re1 Nge7 9. Nbd2 O-O 10. Nf1 Qc7 11. Ng3 Ng6 12. Be3 Rfe8 13. Qd2 Bf4 14. Rad1 Bxe3 15. Qxe3 Qb6 16. Rd2 Na5 17. h3 Bxf3 18. Qxf3 Rac8 19. Bd3 Nc4 20. Bxc4 dxc4 21. Nh5 Qa5 {1-0 Vachier Lagrave,M (2732)-Yoo,C (2599) Bullet Chess Losers 2024 (1.27)}) 7... Bd6 8. Bxd6 Qxd6 9. Na3 $146 ({RR} 9. O-O Bxf3 10. Bxf3 Nf6 11. Re1 O-O 12. Na3 Rab8 13. Nc2 b5 14. a3 a5 15. Be2 b4 16. axb4 axb4 17. Bd3 bxc3 18. bxc3 Rb6 19. Re3 Rfb8 20. Rg3 g6 21. Rh3 Rb3 22. Qc1 Rxc3 23. Qg5 Qe7 {0-1 Rodriguez Cordoba,J (2310)-Dorfman,J (2445) Capablanca Memorial 14th 1977 (8)}) ({RR} 9. Nbd2 Nf6 10. O-O O-O 11. Re1 Rab8 12. Ne5 Bxe2 13. Qxe2 Nd7 14. Ndf3 Ncxe5 15. dxe5 Qe7 16. Rad1 b5 17. Nd4 Qc5 18. Rd3 b4 19. Rh3 Rfc8 20. Qh5 Nf8 21. Rg3 bxc3 22. bxc3 Qa3 23. Qg5 g6 {0-1 Ptacek,L (2036)-Lihotsky,L (2129) 35th Czech Rapid G1 2024 (9.24)}) ({RR} 9. Nbd2 Nf6 10. h3 Bh5 11. O-O O-O 12. Nh2 Bg6 13. Re1 Rfe8 14. Bb5 a6 15. Ba4 b5 16. Bc2 Bxc2 17. Qxc2 Rec8 18. Qd1 b4 19. Rc1 bxc3 20. bxc3 Na5 21. Ng4 Nxg4 22. Qxg4 Qa3 23. Rc2 Nc4 {½-½ Stadler,B (1680)-Zeeck,D (1814) Mecklenburg VP LL2 West 1213 2012 (3.5)}) ({RR} 9. Nbd2 Nge7 10. O-O O-O 11. Qb3 a6 12. Bd3 b5 13. Rfe1 Rfc8 14. a3 Na5 15. Qc2 Bf5 16. Bxf5 Nxf5 17. Nb3 Nxb3 18. Qxb3 Qc7 19. Ne5 Nd6 20. Nd3 Qc4 21. Qxc4 bxc4 22. Nc5 Rcb8 23. Rab1 Rb5 {1-0 Marti Mascaro,J-Moreno Mateos,J Binissalem op 16th 2003 (8)}) 9... Nf6 10. h3 Bxf3 11. Bxf3 O-O 12. O-O a6 13. Nc2 b5 14. Ne3 Rab8 15. a3 Rfc8 16. Rc1 a5 17. Re1 a4 18. Qd3 Na5 19. Bd1 Qf4 20. g3 Qh6 21. Kg2 Ne4 22. f3 Qxh3+ 23. Kxh3 Nf2+ 24. Kg2 Nxd3 25. Be2 Nxe1+ 26. Rxe1 Nc4 27. Nd1 h5 28. f4 g6 29. Bd3 Kg7 30. Re2 Re8 31. Nf2 f6 32. Nh3 Rb7 33. Ng1 Kf7 34. Nf3 Nd6 35. Nh4 Rg8 36. Nf3 Nf5 37. Re1 Nh6 38. Nh4 Rbb8 39. Nf3 Ng4 40. Re2 g5 41. fxg5 fxg5 42. Ne5+ Nxe5 43. Rxe5 h4 44. Be2 hxg3 45. Kxg3 Kf6 46. Bg4 Rb6 47. Re2 Rh8 48. Kg2 Rh4 49. Kg3 Ke7 50. Bh3 Re4 51. Rh2 Rb8 52. Bf1 Rf4 53. Be2 Rh4 54. Rf2 Re4 55. Rh2 Kd6 56. Bf3 Rf4 57. Be2 Rh4 58. Rf2 Re4 59. Rh2 Kc6 60. Bf3 Rh4 61. Re2 Rh6 62. Bg4 Kd6 63. Re5 Rg6 64. Bh5 Rg7 65. Bg4 Re8 66. Kg2 Ree7 67. Kg3 Re8 68. Kg2 Ree7 69. Kg3 Rg8 70. Kg2 Rg6 71. Kg3 Rh7 72. Be2 Rb7 73. Bg4 Rh7 74. Be2 g4 75. Bf1 Rf7 76. Bg2 Rf5 77. Re2 e5 78. dxe5+ Rxe5 79. Rd2 Kc5 80. Rd4 Rge6 81. Kxg4 Re4+ 82. Bxe4 Rxe4+ 83. Rxe4 dxe4 84. Kf4 Kd5 85. Ke3 Ke5 86. Ke2 Kf4 87. Kf2 e3+ 88. Ke2 Ke4 89. Ke1 Kd3 90. Kd1 e2+ 91. Ke1 Ke3 0-1

[Event "45th Olympiad 2024"]
[Site "Budapest HUN"]
[Date "2024.09.21"]
[Round "10.79"]
[Board "4"]
[White "Abdou Ahmed Alem"]
[Black "Maharaj, Yash Krishen"]
[Result "1-0"]
[WhiteElo "1897"]
[BlackElo "1847"]
[PlyCount "81"]
[EventDate "2024.09.11"]
[WhiteTeam "Mauritania"]
[BlackTeam "Fiji"]
[WhiteTeamCountry "MAU"]
[BlackTeamCountry "FIJ"]

1. d4 Nf6 2. Bf4 c5 3. d5 d6 4. c4 ({RR} 4. Nc3 a6 5. a4 e5 6. Bd2 e4 7. h3 h5 8. Bf4 Bf5 9. e3 Nbd7 10. a5 h4 11. Nge2 Ne5 12. Nc1 Nfd7 13. Nb3 Bg6 14. Nd2 f5 15. f3 exf3 16. gxf3 Bh5 17. Rg1 Nf7 18. Be2 Qf6 {1-0 Carlsen,M (2863)-Nepomniachtchi,I (2784) Carlsen Inv Prelim rapid 2020 (6.3)}) 4... e5 ({RR} 4... b5 5. cxb5 a6 6. bxa6 Qb6 7. Bc1 Bxa6 8. Nc3 Nbd7 9. Nf3 g6 10. e4 Bxf1 11. Kxf1 Bg7 12. g3 O-O 13. Kg2 Qb4 14. Qc2 Rfb8 15. Re1 Ng4 16. Re2 Qc4 17. Nd1 Nge5 18. Nxe5 Qxc2 19. Rxc2 {1-0 Lazarne Vajda,S (2283)-Miranda Vargas,A (1891) Olympiad Women 2024 (2.2)}) 5. Bc1 e4 $146 ({RR} 5... g6 6. Nc3 Bg7 7. e4 O-O 8. Bd3 Ne8 9. g4 f5 10. g5 a6 11. a4 b6 12. h4 Rf7 13. Nf3 Bf8 14. Ne2 Ng7 15. Ng3 Raa7 16. Qc2 f4 17. Nf1 Be7 18. Be2 Bd7 19. N3h2 h5 20. gxh6 {1-0 Balazs,B (2059)-Sieber,F (2153) GER-chT U16 Neumarkt in der Oberpfalz 2016 (3.1)}) ({RR} 5... Be7 6. Nc3 Na6 7. e4 Nc7 8. a4 O-O 9. h3 Bd7 10. Nf3 Nfe8 11. Bd3 Qc8 12. Qc2 Na6 13. Qe2 Nb4 14. Bb1 f5 15. Ra3 Nf6 16. Nd2 f4 17. Nf3 Qe8 18. Bc2 Nxc2+ 19. Qxc2 Qg6 20. Rh2 {0-1 Kostadinovski,Z (1922)-Adams,M (1898) World Senior Teams +50 2023 (7.2)}) 6. Nc3 a6 7. Qc2 Bf5 8. e3 Nbd7 9. Nge2 b5 10. Ng3 Bg6 11. cxb5 axb5 12. Bxb5 Be7 13. O-O O-O 14. Rd1 Nb6 15. b3 h5 16. Nge2 h4 17. h3 Rb8 18. a4 Bh7 19. Ba3 Qc8 20. Rac1 g5 21. b4 Nc4 22. Bxc4 cxb4 23. Nb5 bxa3 24. Ned4 g4 25. Be2 Qxc2 26. Rxc2 Rfc8 27. Nc6 Kf8 28. Ra2 Ra8 29. Rxa3 Nxd5 30. Rxd5 Rxc6 31. Bxg4 Rca6 32. Bd1 Ra5 33. Rc3 f5 34. Rc7 Bg6 35. Bb3 Ke8 36. Nxd6+ Bxd6 37. Rxd6 R5a6 38. Rdd7 Rb6 39. Rg7 Kd8 40. Bd5 Rxa4 41. Bb7 1-0

[Event "45th Olympiad 2024"]
[Site "Budapest HUN"]
[Date "2024.09.21"]
[Round "10.80"]
[Board "1"]
[White "Hamperl, Fred"]
[Black "Gabriel, Sixtus"]
[Result "1-0"]
[WhiteElo "1977"]
[BlackElo "1800"]
[PlyCount "87"]
[EventDate "2024.09.11"]
[WhiteTeam "Guernsey"]
[BlackTeam "Saint Lucia"]

1. e4 c6 2. Nc3 d5 3. Nf3 dxe4 4. Nxe4 Bf5 5. Ng3 Bg6 6. h4 h6 7. Ne5 Qd6 8. d4 Nd7 9. Nxg6 Qxg6 10. Bd3 Qd6 ({RR} 10... Qf6 11. Be3 e6 12. Qe2 Qd8 13. O-O-O Ngf6 14. f4 Qa5 15. Kb1 O-O-O 16. c4 c5 17. Ne4 cxd4 18. Bxd4 Nc5 19. Bc3 Qb6 20. Nxf6 Na4 21. Ne4 Ba3 22. Qc2 Rxd3 23. Rxd3 {1-0 Papp,G (2551)-Schwarhofer,C (2257) AUT-chT2O 1112 2011 (11.2)}) 11. Be3 ({RR} 11. c3 Ngf6 12. Qf3 e5 13. Be3 exd4 14. Bxd4 Qe6+ 15. Kd2 O-O-O 16. Rhe1 Qd5 17. Ne4 c5 18. Bxf6 Nxf6 19. Nxf6 Qxf3 20. gxf3 gxf6 21. Kc2 Bd6 22. Rad1 Kc7 23. Be4 Be5 24. Rxd8 Rxd8 25. Rd1 Re8 {1-0 Lopez Giraldo,M (1827)-Moreno Hernandez,A (1700) 17th American Cont Blitz 2024 (6.116)}) 11... Ngf6 12. O-O e6 13. Qe2 $146 ({RR} 13. c4 Be7 14. Re1 O-O 15. Rc1 Rad8 16. Qd2 Rfe8 17. Bf4 Qxd4 18. Bh7+ Kxh7 19. Qxd4 Ne5 20. Qxe5 {1-0 Burrows,J (1584)-McGladdery,D (1320) Southend op London 2001 (3)}) ({RR} 13. c4 Be7 14. Re1 Rd8 15. a3 O-O 16. Qf3 c5 17. d5 Ne5 18. Qe2 Nxd3 19. Qxd3 Ng4 20. Qe4 Nxe3 21. Rxe3 Bf6 22. Rb3 b6 23. Rd1 Bd4 24. Ne2 exd5 25. cxd5 Qxd5 26. Qxd5 Rxd5 27. Nxd4 Rfd8 {½-½ Arnold,S (1931)-Dlamini,S (1569) Olympiad-44 Chennai 2022 (10.3)}) ({RR} 13. Qf3 Qc7 14. c4 Be7 15. Rfe1 O-O 16. Ne4 Nxe4 17. Qxe4 Nf6 18. Qf3 Rfd8 19. g4 c5 20. d5 exd5 21. g5 hxg5 22. hxg5 Nh7 23. Bxh7+ Kxh7 24. Qxf7 Qd6 25. Kg2 {1-0 Mueller,T-Meyer,I (1981) Bremen-ch op 2012 (7)}) 13... Nd5 14. Ne4 Qc7 15. c4 Nxe3 16. fxe3 g5 17. Qh5 O-O-O 18. Rxf7 Rg8 19. Raf1 gxh4 20. Qxh4 Rg7 21. Rxg7 Bxg7 22. Rf7 Bf8 23. Qh3 Qa5 24. a3 h5 25. Kh2 Qe1 26. Rf1 Qa5 27. Qxe6 c5 28. Nf6 Qb6 29. Bf5 Qc7+ 30. Kh1 Qd6 31. Nxd7 Qxe6 32. Bxe6 Bh6 33. Nxc5+ Kb8 34. Rf3 b6 35. Nd7+ Kc7 36. Ne5 Re8 37. d5 Bf8 38. Nf7 a5 39. Kh2 Bc5 40. Kg3 a4 41. Kh4 Rg8 42. d6+ Bxd6 43. Nxd6 Kxd6 44. Bxg8 1-0